[Event "Titled Tuesday intern op 28th Jun Late"]
[Site "Chess.com INT"]
[Date "2022.06.28"]
[Round "1"]
[White "Della Morte, German"]
[Black "Lauridsen, Jesper Morch"]
[Result "1-0"]
[WhiteElo "2367"]
[BlackElo "2221"]
[PlyCount "57"]
[EventDate "2022.06.28"]
[EventType "swiss (blitz)"]
[EventRounds "11"]
[EventCountry "USA"]
[SourceTitle "CBM 209 Extra"]
[Source "ChessBase"]
[SourceDate "2022.09.30"]
[SourceVersion "1"]
[SourceVersionDate "2022.09.30"]
[SourceQuality "1"]

1. e4 e6 2. d4 d5 3. Nd2 dxe4 4. Nxe4 Nd7 5. Nf3 Ngf6 6. Ng3 b6 7. Bb5 Bb7 8. Ne5 a6 9. Bc6 Bxc6 10. Nxc6 Qc8 11. 0-0 Bd6 12. Re1 Qb7 13. Ne5 Rf8 14. Bg5 0-0-0 15. Qe2 h6 16. Bd2 Kb8 17. Rad1 c5 18. c3 cxd4 19. cxd4 Rc8 20. Bc3 Bxe5 21. dxe5 Nd5 22. Bd4 Nf4 23. Qf1 Rc2 24. Ne4 Nc5 25. Bxc5 bxc5 26. g3 Nd5 27. Qd3 Rxb2 28. Nxc5 Qb5 29. Qxb5+ 1-0

[Event "Titled Tuesday intern op 28th Jun Late"]
[Site "Chess.com INT"]
[Date "2022.06.28"]
[Round "3"]
[White "Prieto Aranguren, Alain"]
[Black "Della Morte, German"]
[Result "0-1"]
[WhiteElo "2272"]
[BlackElo "2367"]
[PlyCount "90"]
[EventDate "2022.06.28"]
[EventType "swiss (blitz)"]
[EventRounds "11"]
[EventCountry "USA"]
[SourceTitle "CBM 209 Extra"]
[Source "ChessBase"]
[SourceDate "2022.09.30"]
[SourceVersion "1"]
[SourceVersionDate "2022.09.30"]
[SourceQuality "1"]

1. d4 Nf6 2. c4 g6 3. Nc3 Bg7 4. e4 d6 5. Be2 0-0 6. Nf3 e5 7. dxe5 dxe5 8. Qxd8 Rxd8 9. Bg5 c6 10. 0-0 Re8 11. Rfd1 Na6 12. b3 Nc5 13. Nd2 a5 14. f3 Be6 15. Be3 Bf8 16. Nf1 Nfd7 17. Rd2 a4 18. b4 Na6 19. a3 f5 20. Rad1 Nf6 21. exf5 gxf5 22. Nxa4 Nxb4 23. axb4 Rxa4 24. c5 Rxb4 25. Bf2 f4 26. Bd3 e4 27. fxe4 Nxe4 28. Bxe4 Rxe4 29. Rd8 Kf7 30. Rxe8 Kxe8 31. Nd2 Rb4 32. Nf3 Bd5 33. Ne5 Rb5 34. Ra1 Bxc5 35. Ra8+ Ke7 36. Bxc5+ Rxc5 37. Rh8 Rc1+ 38. Kf2 Rc2+ 39. Ke1 Rxg2 40. Rxh7+ Ke6 41. Nd3 Kf5 42. Rxb7 f3 43. Rb8 Re2+ 44. Kf1 Bc4 45. Rf8+ Kg4 0-1

[Event "ARG-ch 96th"]
[Site "Buenos Aires"]
[Date "2022.06.05"]
[Round "4"]
[White "Della Morte, German"]
[Black "Perdomo, Leandro Daniel"]
[Result "1/2-1/2"]
[WhiteElo "2367"]
[BlackElo "2436"]
[PlyCount "83"]
[EventDate "2022.06.02"]
[EventType "swiss"]
[EventRounds "11"]
[EventCountry "ARG"]
[SourceTitle "CBM 208 Extra"]
[Source "ChessBase"]
[SourceDate "2022.07.31"]
[SourceVersion "1"]
[SourceVersionDate "2022.07.31"]
[SourceQuality "1"]

1. e4 e5 2. Nf3 Nc6 3. Bc4 Nf6 4. d3 Be7 5. 0-0 0-0 6. Re1 d6 7. a4 Na5 8. Ba2 c5 9. c3 Nc6 10. Na3 h6 11. Nc2 Re8 12. b4 cxb4 13. cxb4 d5 14. Bd2 a5 15. exd5 Nxb4 16. Nxb4 Bxb4 17. Bxb4 axb4 18. Nxe5 Nxd5 19. Qf3 Be6 20. Nxf7 Bxf7 21. Rxe8+ Qxe8 22. Bxd5 Rd8 23. Bxf7+ Qxf7 24. Qe4 Qb3 25. Qxb7 Rxd3 26. Qc8+ Kh7 27. Qc1 Qd5 28. h3 b3 29. Qb1 g6 30. a5 Qd4 31. Qe1 Rd2 32. a6 Rxf2 33. Kh1 Re2 34. Qf1 b2 35. Rd1 Rd2 36. Re1 Qf2 37. Qxf2 Rxf2 38. a7 Rf8 39. Re7+ Kg8 40. Rb7 Ra8 41. Rb8+ Kg7 42. Rxb2 1/2-1/2

[Event "Titled Tuesday intern op 10th May Late"]
[Site "Chess.com INT"]
[Date "2022.05.10"]
[Round "8"]
[White "Della Morte, German"]
[Black "Hess, Robert L"]
[Result "0-1"]
[WhiteElo "2367"]
[BlackElo "2591"]
[PlyCount "98"]
[EventDate "2022.05.10"]
[EventType "swiss (blitz)"]
[EventRounds "11"]
[EventCountry "USA"]
[SourceTitle "CBM 208 Extra"]
[Source "ChessBase"]
[SourceDate "2022.07.31"]
[SourceVersion "1"]
[SourceVersionDate "2022.07.31"]
[SourceQuality "1"]

1. e4 e6 2. d4 b6 3. Bd3 Bb7 4. Nf3 g6 5. 0-0 Bg7 6. c3 Ne7 7. Re1 d6 8. Nbd2 Nd7 9. Nf1 h6 10. Ng3 a6 11. a4 e5 12. Be3 Nc6 13. Qd2 Nf6 14. h3 Qe7 15. b4 Nd8 16. a5 b5 17. dxe5 dxe5 18. c4 c6 19. Rac1 Nd7 20. cxb5 axb5 21. Bc2 Ne6 22. Bb3 Rd8 23. Qa2 0-0 24. a6 Ba8 25. Red1 Nf4 26. a7 Qxb4 27. Rxd7 Rxd7 28. Bc5 Rxa7 29. Bxb4 Rxa2 30. Bxa2 Rd8 31. Kf1 Bf6 32. Bb1 Bb7 33. Ne2 Nd3 34. Bxd3 Rxd3 35. Ne1 Rb3 36. Bc5 Ba6 37. f3 b4 38. Kf2 Rb2 39. Rc2 Rb1 40. g3 Bd8 41. Rd2 Ba5 42. Ng2 b3 43. Rd7 Rb2 44. Ra7 Rxe2+ 45. Kg1 b2 46. Ra8+ Kh7 47. Rb8 Bb5 48. Rxb5 cxb5 49. Kh2 b1Q 0-1

[Event "Titled Tuesday intern op 10th May Late"]
[Site "Chess.com INT"]
[Date "2022.05.10"]
[Round "5"]
[White "Della Morte, German"]
[Black "Ladan, Nicholas John"]
[Result "1-0"]
[WhiteElo "2367"]
[BlackElo "2105"]
[PlyCount "57"]
[EventDate "2022.05.10"]
[EventType "swiss (blitz)"]
[EventRounds "11"]
[EventCountry "USA"]
[SourceTitle "CBM 208 Extra"]
[Source "ChessBase"]
[SourceDate "2022.07.31"]
[SourceVersion "1"]
[SourceVersionDate "2022.07.31"]
[SourceQuality "1"]

1. e4 e5 2. Nf3 Nc6 3. Bc4 Nf6 4. Ng5 d5 5. exd5 Na5 6. Bb5+ c6 7. dxc6 bxc6 8. Bd3 Nd5 9. h4 Qc7 10. 0-0 h6 11. Ne4 Be7 12. g3 0-0 13. Be2 f5 14. Nec3 f4 15. d3 Bh3 16. Re1 fxg3 17. fxg3 Bc5+ 18. Kh2 Qd7 19. Ne4 Ne3 20. Bxe3 Bxe3 21. Nbc3 Rf7 22. Bh5 Bd4 23. Bxf7+ Kxf7 24. Qf3+ Kg8 25. Rf1 Bxf1 26. Rxf1 Nb7 27. Qf5 Qe7 28. Qg6 Nd8 29. Nf6+ 1-0